000 00598nam a22002177a 4500
003 UA-OsUOA
001 66117
007 ta
008 20091221b un ||||| |||| 00| 0 ukr d
100 _aМудрак О.
090 _a82
_bМ89
942 _cSA
040 _aUA-OsUOA
_bukr
_cUA-OsUOA
_dUA-OsUOA
245 _aІнтимна, любовна та еротична лірика: диференціація понять
300 _aС.74-78
955 _a0
041 _aukr
080 _a82
773 0 _w66114
650 7 _a82 Література. Літературознавство
_2UDC
999 _c351914
_d351914